000 00386nam a2200145 4500
005 20260530113842.0
100 1 _aRobert R Hartmann
_930328
245 1 0 _aGraphics For Designers
264 1 _bIowa State University Press
_c1976
300 _a124 páginas
500 _aLibro de Referencia
336 _atexto
_2rdacontent
337 _asin medio
_2rdamedia
338 _avolumen
_2rdacarrier
999 _c11157
_d11157